La iguana sagrada /

Shranjeno v:
Bibliografske podrobnosti
Glavni avtor: Sagot Salazar de Carmiol, Cary
Format: Neznan
Jezik:Spanish
Izdano: San José, Costa Rica : Editorial Costa Rica, 2003.
Izdaja:2. edición
Teme:
Oznake: Označite
Brez oznak, prvi označite!

MARC

LEADER 000000000a22000000004500
001 014636
020 |a 997723779 
041 0 |a spa 
082 0 4 |a CR863.4   |b S129i2 
100 1 |a Sagot Salazar de Carmiol, Cary 
245 1 3 |a La iguana sagrada /   |c Cary Sagot Salazar de Carmiol. 
250 |a 2. edición 
260 1 |a San José, Costa Rica :   |b Editorial Costa Rica,   |c 2003. 
300 |a 112 páginas :   |b ilustraciones a color 
650 4 |a LITERATURA COSTARRICENSE 
650 4 |a CUENTOS INFANTILES 
999 |c 20516  |d 20516 
942 |c BK  |h CR863.4 S129i2  |2 z